000 03291nam a2200565Ia 4500
001 862
008 241029s9999 xx 000 0 und d
010 _a784
041 _aEspañol
082 _aF.L.E M.A LING ES 2011 118
245 0 _aManejo del enfoque funcional y comunicativo en la enseñanza aprendizaje de la Lengua por los docentes de Primer Ciclo del Nivel Medio de la Educación Pública, Distrito Educativo 04-02, San Cristóbal, R.D
260 _aSan Cristóbal
300 _a127
520 _a20
630 _aAprendizaje
630 _aEnseñanza
630 _aLenguaje y Lenguas-Enseñanza
630 _aNivel Medio
650 _aLengua Española
690 _aElaborado
700 _easesor
_aDe Los Santos , Julio
700 _eautor
_aRamírez Arias, Wilson Diomedes
700 _eautor
_aCabrera Minier , Amparo
901 _a{"1":"Ramírez Arias","2":"Cabrera Minier "}
_b{"1":"Wilson Diomedes","2":"Amparo"}
902 _a1
903 _a{"1":"De Los Santos "}
_b{"1":"Julio"}
904 _aMaestría en
905 _aLingüística Aplicada
906 _a1
907 _aOrientada en
908 _aEnseñanza de la Lengua Española
909 _aUniversidad Autónoma de Santo Domingo (UASD)
910 _aNULL
_bNULL
911 _a["1"]
912 _aNO APLICA
913 _aNULL
914 _a13 de Junio de 2011
915 _a26/09/14 11:09
916 _aNULL
917 _aNULL
918 _aNO APLICA
919 _a["18","202","130","240"]
520 _aEl propósito principal de este estudio consistió en determinar a qué punto el docente de 1ro. Grado, Primer Ciclo del Nivel Medio del área de lengua tiene conocimiento y maneja el Enfoque Funcional Comunicativo en el proceso de enseñanza aprendizaje de Legua Española en el salón de clases. La investigación fue de corte descriptiva y se fundamentó en el método inductivo y deductivo. Las técnicas utilizadas consistieron en: observación, encuestas y  consultas. La investigación tuvo un universo estudiantil de 1,547 estudiantes de 14 liceos del sector público del Distrito Educativo 04-02 San Cristóbal, de los cuales se seleccionaron 242, equivalente al 16% para constituir la muestra, 8 profesores de Lengua Española y 6 directores/as para constituir la muestra de docentes.Los principales resultados de la investigación indican que el personal docente que imparte Lengua Española en la escuelas bajo estudio del Distrito Escolar 04-02, de la ciudad de San Cristóbal, en el Primer Ciclo de la Educación Media carece de una adecuada formación teórica ?metodológica que les permita realizar una labor eficiente en la aplicación del Enfoque Funcional Comunicativo.  El estudio recomienda  que el Ministerio de Educación como responsable de las políticas educativas y de mejorar el proceso de enseñanza aprendizaje, debe auspiciar jornadas de capacitación a nivel de especialidades y maestría para los docentes de Lengua Española, donde se trabajen los distintos métodos y enfoques modernos que se hacen pertinentes en este nuevo siglo de tan acelerados cambios y transformaciones que ocurren en el día a día.
921 _a2
922 _a2
923 _a0
924 _aNO APLICA
942 _cTesis
999 _c784
_d784